[Event "ESP-ch U18"]
[Site "Salobrena"]
[Date "2019.07.23"]
[Round "3"]
[White "Berasategui Morillo, Alberto"]
[Black "Marti Olivella, Gerard"]
[Result "1-0"]
[WhiteElo "1649"]
[BlackElo "1884"]
[PlyCount "34"]
[EventDate "2019.07.22"]
[EventType "swiss"]
[EventRounds "9"]
[EventCountry "ESP"]
[SourceTitle "CBM 191 Extra"]
[Source "ChessBase"]
[SourceDate "2019.09.30"]
[SourceVersion "1"]
[SourceVersionDate "2019.09.30"]
[SourceQuality "1"]

1. e4 c6 2. d4 d5 3. e5 Bf5 4. h4 h5 5. Bg5 Qb6 6. Bd3 Bxd3 7. Qxd3 Qxb2 8. e6 Qxa1 9. Qb3 Qxd4 10. Qxb7 Qe4+ 11. Ne2 Qxe6 12. Qxa8 Qd6 13. 0-0 Nf6 14. Nbc3 e6 15. Bxf6 e5 16. Rb1 gxf6 17. Rxb8+ Kd7 1-0